Dowry and inheritance (Record no. 5079)
[ view plain ]
| 000 -LEADER | |
|---|---|
| fixed length control field | 00686nam a2200217Ia 4500 |
| 020 ## - INTERNATIONAL STANDARD BOOK NUMBER | |
| ISBN | 81-88965-22-7 |
| 082 ## - DEWEY DECIMAL CLASSIFICATION NUMBER | |
| Classification number | 392.50954 DOW- |
| 245 #0 - TITLE STATEMENT | |
| Title | Dowry and inheritance |
| 260 ## - PUBLICATION, DISTRIBUTION, ETC. (IMPRINT) | |
| Place of publication | New Delhi |
| Name of publisher | Women Unlimited |
| Year of publication | 2005 |
| 300 ## - PHYSICAL DESCRIPTION | |
| Number of Pages | liii, 318 |
| 440 ## - SERIES STATEMENT/ADDED ENTRY--TITLE | |
| Title | Issues in contemporary indian feminism |
| 504 ## - BIBLIOGRAPHY, ETC. NOTE | |
| Bibliography, etc | includes bibliography |
| 650 ## - SUBJECT ADDED ENTRY--TOPICAL TERM | |
| Topical Term | Women |
| Form subdivision | legal status, laws,etc. |
| Geographic subdivision | India |
| 650 ## - SUBJECT ADDED ENTRY--TOPICAL TERM | |
| Topical Term | Women's rights |
| Form subdivision | legal status, laws,etc. |
| Geographic subdivision | India |
| 650 ## - SUBJECT ADDED ENTRY--TOPICAL TERM | |
| Topical Term | Dowry |
| Form subdivision | legal status, laws,etc. |
| Geographic subdivision | India |
| 650 ## - SUBJECT ADDED ENTRY--TOPICAL TERM | |
| Topical Term | Women |
| Form subdivision | Social conditions |
| Geographic subdivision | India |
| 650 ## - SUBJECT ADDED ENTRY--TOPICAL TERM | |
| Topical Term | Feminism |
| Form subdivision | legal status, laws,etc. |
| Geographic subdivision | India |
| 700 ## - ADDED ENTRY--PERSONAL NAME | |
| Personal name | Rajan, Rajeswari Sunder |
| 700 ## - ADDED ENTRY--PERSONAL NAME | |
| Personal name | Basu, Srimati |
| 942 ## - ADDED ENTRY ELEMENTS (KOHA) | |
| Koha item type | Books |
| Withdrawn status | Lost status | Damaged status | Not for loan | Home library | Current library | Date acquired | Source of acquisition | Bill Date | Full call number | Accession Number | Price effective from | Koha item type |
|---|---|---|---|---|---|---|---|---|---|---|---|---|
| NASSDOC Library | NASSDOC Library | 13/06/2006 | MB | 2006-05-24 | 392.50954 DOW- | 41837 | 18/04/2019 | Books |
